The morality of law / (Record no. 590454)
[ view plain ]
| 000 -LEADER | |
|---|---|
| fixed length control field | 00946cam a2200277 i 4500 |
| 001 - CONTROL NUMBER | |
| control field | 1716966 |
| 005 - DATE AND TIME OF LATEST TRANSACTION | |
| control field | 20241112160301.0 |
| 008 - FIXED-LENGTH DATA ELEMENTS--GENERAL INFORMATION | |
| fixed length control field | 771122t19771969ctu b 000 0 eng |
| 010 ## - LIBRARY OF CONGRESS CONTROL NUMBER | |
| LC control number | 72093579 |
| 020 ## - INTERNATIONAL STANDARD BOOK NUMBER | |
| International Standard Book Number | 0300004729. |
| -- | 0300010702 |
| Terms of availability | $3.45 |
| 040 ## - CATALOGING SOURCE | |
| Original cataloging agency | DLC |
| Transcribing agency | DLC |
| Modifying agency | DLC |
| 050 00 - LIBRARY OF CONGRESS CALL NUMBER | |
| Classification number | K230.F84 |
| Item number | M67 1977 |
| 082 00 - DEWEY DECIMAL CLASSIFICATION NUMBER | |
| Classification number | 340.112 |
| Author Mark | FUL |
| 100 1# - MAIN ENTRY--PERSONAL NAME | |
| Personal name | Fuller, Lon L. |
| Fuller form of name | (Lon Luvois), |
| Dates associated with a name | 1902-1978. |
| 9 (RLIN) | 94303 |
| 245 14 - TITLE STATEMENT | |
| Title | The morality of law / |
| Statement of responsibility, etc. | by Lon L. Fuller. |
| 250 ## - EDITION STATEMENT | |
| Edition statement | Rev. ed. |
| 260 ## - PUBLICATION, DISTRIBUTION, ETC. | |
| Place of publication, distribution, etc. | New Haven : |
| Name of publisher, distributor, etc. | Yale University Press, |
| Date of publication, distribution, etc. | 1977, c1969. |
| 300 ## - PHYSICAL DESCRIPTION | |
| Extent | xi, 262 p. ; |
| Dimensions | 21 cm. |
| 440 #0 - SERIES STATEMENT/ADDED ENTRY--TITLE | |
| Title | Storrs lectures on jurisprudence ; |
| Volume/sequential designation | 1963 |
| 9 (RLIN) | 94304 |
| 504 ## - BIBLIOGRAPHY, ETC. NOTE | |
| Bibliography, etc. note | Includes bibliographical references. |
| 650 #0 - SUBJECT ADDED ENTRY--TOPICAL TERM | |
| Topical term or geographic name entry element | Law and ethics. |
| 9 (RLIN) | 94305 |
| 650 #0 - SUBJECT ADDED ENTRY--TOPICAL TERM | |
| Topical term or geographic name entry element | NLS2024, NLSETEXTBOOKS, NLSEBOOKBANK |
| 9 (RLIN) | 126870 |
| 856 ## - ELECTRONIC LOCATION AND ACCESS | |
| Uniform Resource Identifier | <a href="http://10.250.8.41:8080/xmlui/handle/123456789/47904">http://10.250.8.41:8080/xmlui/handle/123456789/47904</a> |
| 906 ## - LOCAL DATA ELEMENT F, LDF (RLIN) | |
| a | 7 |
| b | cbc |
| c | orignew |
| d | 2 |
| e | opcn |
| f | 19 |
| g | y-gencatlg |
| 942 ## - ADDED ENTRY ELEMENTS (KOHA) | |
| Source of classification or shelving scheme | |
| Koha item type | Book |
| Withdrawn status | Lost status | Source of classification or shelving scheme | Damaged status | Not for loan | Permanent Location | Current Location | Shelving location | Date acquired | Source of acquisition | Full call number | Barcode | Date last seen | Price effective from | Koha item type |
|---|---|---|---|---|---|---|---|---|---|---|---|---|---|---|
| NUST Law School (NLS) | NUST Law School (NLS) | Law | 07/21/2022 | Allied Books | 340.112 FUL | CL-1083 | 06/12/2023 | 07/21/2022 | Book |
